| 000 | 01078nac a22003377a 4500 | ||
|---|---|---|---|
| 001 | BR9702136 | ||
| 003 | BR-BrBNA | ||
| 005 | 20240105121912.0 | ||
| 008 | 230509b bl.|||m| |||| 00| 0 por d | ||
| 040 |
_aBR-BrBNA _bpor _cBiblioteca Nacional de Agricultura |
||
| 072 | _aE71; E16 | ||
| 090 | _a0510 BR9702136 | ||
| 100 | 1 | _aMoreira, J. de A.N. | |
| 100 | 1 | _aSilva, O.R.R.F. da | |
| 100 | 1 | _aAmorim Neto, M. da S. | |
| 100 | 1 | _aBeltrao, N.E. de M. | |
| 100 | 1 | _aVale, L.V. | |
| 100 | 1 | _aSantos, R.F. dos | |
| 110 | 1 |
_aCentro Nacional de Pesquisa do Algodao, Campina Grande, PB (Brasil) _91702 |
|
| 245 | 1 | _aDeclinio do sisal e medidas para seu soerguimento no nordeste brasileiro | |
| 260 | 3 |
_aCampina Grande, PB (Brasil): _c1996. |
|
| 300 | _a19 p. | ||
| 490 |
_aDocumentos - Centro Nacional de Pesquisa do Algodao (Brazil) _vno. 45 _xISSN 0103-0205 |
||
| 500 | _a13 ref. | ||
| 650 | _aSisal | ||
| 650 | _aCusto de Producao | ||
| 650 | _aPreco | ||
| 650 | _aRegiao Nordeste | ||
| 909 |
_a202312 _bLúcia Elande _c55 _dLúcia Elande |
||
| 942 |
_2AGRIS _n0 _cMS |
||
| 999 |
_c288127 _d288127 |
||